LEADER 00726nam2-22002771i-450- 001 990001352550403321 035 $a000135255 035 $aFED01000135255 035 $a(Aleph)000135255FED01 035 $a000135255 100 $a--------d--------km-y0itay50------ba 101 0 $aeng 200 1 $a<>History of Chemistry$fBy J.R. Partington 210 $aLondon$cMacmillan$d1962 300 $aVol. 3 461 1$1001000135252 610 0 $aStoria della scienza 676 $a509 700 1$aPartington,$bJonathan R.$028204 801 0$aIT$bUNINA$gRICA$2UNIMARC 901 $aBK 912 $a990001352550403321 952 $a6-126.002$b$fFI1 959 $aFI1 996 $aHistory of Chemistry$9375655 997 $aUNINA LEADER 02660nas 2200649-a 450 001 9910895818103321 005 20260218111747.0 011 $a0969-4838 035 $a(DE-599)ZDB2076472-8 035 $a(CKB)110979839327423 035 $a(CONSER)---91656125- 035 $a(DE-599)2076472-8 035 $a(EXLCZ)99110979839327423 100 $a19910228b19902002 -f- - 101 0 $aeng 181 $ctxt$2rdacontent 182 $cc$2rdamedia 183 $acr$2rdacarrier 200 00$aKey indicators of developing Asian and Pacific countries /$fEconomics and Development Resource Center, Asian Development Bank 210 $aManila, Philippines $cEconomics and Development Resource Center, Asian Development Bank$d1990-©2002 215 $a1 online resource 300 $aPublished: Oxford; New York : Oxford University Press, 1993-2001; Manila : Asian Development Bank, 2002. 311 08$aPrint version: Key indicators of developing Asian and Pacific countries / 0116-3000 (DLC) 91656125 (OCoLC)23167916 517 1 $aKey indicators 531 $aASIAN DEVELOPMENT BANK KEY INDICATORS OF DEVELOPING ASIAN AND PACIFIC COUNTRIES 531 $aKEY INDICATORS OF DEVELOPING ASIAN AND PACIFIC COUNTRIES 531 $aKEY INDICATORS FOR ASIA AND THE PACIFIC. 531 1 $aKey indic. dev. Asian Pac. ctries 606 $aEconomic indicators$zAsia$vPeriodicals 606 $aEconomic indicators$zPacific Area$vPeriodicals 606 $aEconomic indicators$zPacific Area$vStatistics 606 $a83.30 economic conditions, development and structure: general$3(NL-LeOCL)077607139$2bcl 606 $aEconomic indicators$2fast$3(OCoLC)fst00901996 606 $aEconomische situatie$2gtt 606 $aEconomic conditions$xPeriodicals$zAsia$2ltcsh 607 $aAsia$2fast 607 $aPacific Area$2fast 608 $aPeriodicals.$2fast 608 $aStatistics.$2fast 608 $aStatistics (form)$2gtt 608 $aPeriodicals.$2lcgft 608 $aStatistics.$2lcgft 615 0$aEconomic indicators 615 0$aEconomic indicators 615 0$aEconomic indicators 615 7$a83.30 economic conditions, development and structure: general. 615 7$aEconomic indicators. 615 17$aEconomische situatie. 615 7$aEconomic conditions$xPeriodicals 676 $a330.95/005 712 02$aAsian Development Bank. 712 02$aEconomics and Development Resource Center (Asian Development Bank) 906 $aJOURNAL 912 $a9910895818103321 920 $aexl_impl conversion 996 $aKEY Indicators of Developing Asian and Pacific Countries$91200437 997 $aUNINA